Régimen Societario Argentino Abril 2007 - Abril 2008

Guardado en:
Formato: Libro
Idioma:Spanish
Publicado: Buenos Aires : Legis Argentina, 2007
Etiquetas: Agregar Etiqueta
Sin Etiquetas, Sea el primero en etiquetar este registro!
LEADER 00540nam a22001215a 4500
001 DER.der006958
005 20080916000000.0
008 180615s2007####||||||||||||||||||||spa||
245 1 0 |a Régimen Societario Argentino  |h [recurso electrónico] :  |b Abril 2007 - Abril 2008 
260 |a Buenos Aires :  |b Legis Argentina,  |c 2007 
300 0 |a  1 CD-Rom 
500 0 |a Ley de Sociedades Comerciales - Procedimientos y requisitos ante la IGJ y Dirección Provincial de Personas Jurídicas (PBA) - Normas Complementarias 
859 |a DERECHO  |b BIB. DERECHO  |h 346.066 2  |i REG  |p 005730